vufinder Bibliothèque Municipale de Charleval de Provence
Se connecter

Switch, osez le changement

Book Cover
Auteur principal: Chip Heath
D'autres auteurs: Dan Heath
Support: Livres
Langue: Francais
Publié: 2012 Leduc.s éditions Paris
Genre: Documentaire
Collection: Zen business
Sujets:
Étiquettes: Ajouter
Pas de Tags !

LEADER 00865nam0a2200217 450
001 16812944
010 |a 978-2-84899-526-7  |b Br.  |d 21 € 
100 |a 20120423d2012 u u0frey01 ba 
101 1 |a fre  |c eng 
102 |a FR 
200 0 |a Switch, osez le changement  |f Chip Heath, Dan Heath  |g trad. de l'anglais (Etats-Unis) par Marc Rozenbaum 
207 1 |a   
210 |a Paris  |c Leduc.s éditions  |d 2012 
215 |a 1 vol. (320 p.)  |d 23 x 15 cm 
225 1 |a Zen business 
330 |a Face à l'immobilisme et à la peur du changement, les auteurs proposent des solutions pour arriver à faire bouger les choses à la maison comme au travail. 
700 0 |a Heath  |b Chip  |4 70 
701 0 |a Heath  |b Dan  |4 70 
900 |a Documentaire 
901 |a Accessible au prêt 
995 |a Bibliothèque  |c Bibliothèque  |f 00156007708118  |h 00156007708118  |k 658.3 HEA  |o p  |q a  |r az  |e Bibliothèque 

Options de recherche

Historique de recherche
Recherche avancée

Trouver plus

Nouveautés

Besoin d'aide ?

Contacter un bibliothécaire